Μετανάστευση [και] κυρίαρχη εθνική κουλτούρα : θρησκεία - πολιτική - πολυπολιτισμικότητα

Αποθηκεύτηκε σε:
Λεπτομέρειες βιβλιογραφικής εγγραφής
Κύριος συγγραφέας: Κωτούλας, Ιωάννης
Μορφή: Βιβλίο
Γλώσσα:Greek
Δημοσίευση: Αθήνα : Παπαζήσης, 2011.
Σειρά:Γλώσσα και πολιτισμός (Παπαζήσης)
Θέματα:
Ετικέτες: Προσθήκη ετικέτας
Δεν υπάρχουν, Καταχωρήστε ετικέτα πρώτοι!

MARC

LEADER 00000cam a2200000 i 4500
001 1/18084
008 120223s2011 gr | ||| |||| ||gre||
020 |a 9789600226157 
035 |l 10111947 
040 |a GR-MY-UA  |b gre  |e aacr 
041 0 |a gre 
082 7 |a 305.8   |2 (22) 
100 1 |a Κωτούλας, Ιωάννης. 
245 1 0 |a Μετανάστευση [και] κυρίαρχη εθνική κουλτούρα :   |b θρησκεία - πολιτική - πολυπολιτισμικότητα /   |c Ιωάννης Κωτούλας.  
246 3 3 |a Μετανάστευση & κυρίαρχη εθνική κουλτούρα.  
260 |a Αθήνα :   |b Παπαζήσης,   |c 2011.  
300 |a 438 σ. ;   |c 24 εκ.  
490 1 |a (Γλώσσα και πολιτισμός / Παπαζήσης)  
504 |a Βιβλιογραφία: σ. 429-438.  
650 0 0 |a Emigration and immigration  |x Social aspects. 
650 0 0 |a Immigrants  |x Cultural assimilation. 
650 0 0 |a Nationalism  |z Greece. 
651 0 |a Greece  |x Emigration and immigration. 
830 0 |a Γλώσσα και πολιτισμός (Παπαζήσης) 
852 |a INST  |b LESVOS  |e 20120223  |h 305.8 ΚΩΤ  |p 005100050722  |q 005100050722  |t BK  |y 0 
901 |a BIBL1-2012-1 
909 |a Λ  |b 173407 
970 |a Τζαφέρη  |b Ευαγγελία  |z 2012/02/21